[Event "VIII Floripa Chess Open 2022 - LIRA - mesa 1 a 205 - HOTEL FAIAL - 206 a 246"]
[Site "Lira Tênis Clube - Florianópolis/SC"]
[Date "2022.01.27"]
[Round "6"]
[Board "4"]
[White "Oliveira, Silvio Eduardo"]
[Black "Delgado Ramirez, Neuris"]
[Result "0-1"]
[WhiteElo "2322"]
[BlackElo "2615"]
[PlyCount "0"]
[EventDate "2022.01.24"]
[EventRounds "10"]
[EventCountry "BRA"]

1. e4 { [%eval 0.25] [%clk 1:22:22] } 1... c5 { [%eval 0.32] [%clk 1:30:56] } 2. Nf3 { [%eval 0.0] [%clk 1:22:45] } 2... d6 { [%eval 0.0] [%clk 1:31:22] } 3. d4 { [%eval 0.15] [%clk 1:23:11] } 3... cxd4 { [%eval 0.13] [%clk 1:31:47] } 4. Nxd4 { [%eval 0.29] [%clk 1:23:38] } 4... Nf6 { [%eval 0.31] [%clk 1:32:09] } 5. Nc3 { [%eval 0.18] [%clk 1:24:06] } 5... Nc6 { [%eval 0.47] [%clk 1:32:31] } 6. Bg5 { [%eval 0.0] [%clk 1:24:33] } 6... e6 { [%eval 0.23] [%clk 1:32:52] } 7. Qd2 { [%eval 0.09] [%clk 1:24:45] } 7... a6 { [%eval 0.29] [%clk 1:33:02] } 8. O-O-O { [%eval 0.48] [%clk 1:25:06] } 8... Bd7 { [%eval 0.57] [%clk 1:33:22] } 9. f3 { [%eval 0.62] [%clk 1:25:26] } 9... Be7 { [%eval 0.57] [%clk 1:33:41] } 10. Kb1 { [%eval 0.52] [%clk 1:17:55] } 10... h6 { [%eval 0.52] [%clk 1:27:02] } 11. Be3 { [%eval 0.58] [%clk 1:16:15] } 11... h5 { [%eval 0.69] [%clk 1:27:26] } 12. Nxc6 { [%eval 0.62] [%clk 1:01:19] } 12... Bxc6 { [%eval 0.8] [%clk 1:27:37] } 13. Ne2 { [%eval 0.75] [%clk 1:00:57] } 13... b5 { [%eval 0.91] [%clk 1:27:41] } 14. Nd4 { [%eval 0.67] [%clk 1:01:13] } 14... Bb7 { [%eval 0.79] [%clk 1:27:33] } 15. c4 { [%eval 0.57] [%clk 0:46:56] } 15... bxc4 { [%eval 0.38] [%clk 1:23:45] } 16. Bxc4 { [%eval 0.59] [%clk 0:47:10] } 16... O-O { [%eval 0.53] [%clk 1:19:32] } 17. Bb3 { [%eval 0.45] [%clk 0:30:00] } 17... Nd7 { [%eval 0.27] [%clk 1:15:47] } 18. Qf2?! { [%eval -0.43] } { Inaccuracy. Rc1 was best. } { [%clk 0:22:40] } (18. Rc1 Nc5 19. Bc4 a5 20. Rhd1 Qb6 21. a4 Rab8 22. Bb5 Rfc8 23. Rc2 Ba6 24. Rdc1 Bxb5) 18... a5 { [%eval -0.25] [%clk 1:13:58] } 19. Qg3?! { [%eval -1.03] } { Inaccuracy. Ba4 was best. } { [%clk 0:20:00] } (19. Ba4 Ne5 20. Qe2 d5 21. exd5 Bxd5 22. Nc6 Nxc6 23. Bxc6 Rc8 24. Bxd5 exd5 25. Qd3 Bf6) 19... h4 { [%eval -1.09] [%clk 1:04:38] } 20. Qh3 { [%eval -1.13] [%clk 0:19:34] } 20... Nc5 { [%eval -1.45] [%clk 1:05:04] } 21. Bc4 { [%eval -1.31] [%clk 0:11:55] } 21... Rc8?! { [%eval -0.74] } { Inaccuracy. Rb8 was best. } { [%clk 1:04:03] } (21... Rb8 22. Rd2) 22. Qg4? { [%eval -1.83] } { Mistake. e5 was best. } { [%clk 0:10:41] } (22. e5 d5) 22... Bf6 { [%eval -1.32] [%clk 1:02:32] } 23. Rhe1 { [%eval -1.87] [%clk 0:01:00] } 23... Qe7 { [%eval -1.51] [%clk 0:59:34] } 24. Rc1?! { [%eval -2.34] } { Inaccuracy. Bb5 was best. } { [%clk 0:00:48] } (24. Bb5 a4) 24... Nd7 { [%eval -2.24] [%clk 0:58:23] } 25. Qh3?! { [%eval -3.27] } { Inaccuracy. Bb5 was best. } { [%clk 0:00:42] } (25. Bb5) 25... Ne5?! { [%eval -2.07] } { Inaccuracy. d5 was best. } { [%clk 0:55:59] } (25... d5 26. exd5 Nb6 27. Nc6 Bxc6 28. dxc6 Qb4 29. Bb3 Rxc6 30. Rxc6 Qxe1+ 31. Bc1 a4 32. Bxe6) 26. Bb5 { [%eval -2.19] [%clk 0:00:57] } 26... a4 { [%eval -2.21] [%clk 0:52:43] } 27. a3 { [%eval -2.49] [%clk 0:00:55] } 27... Rb8? { [%eval -1.28] } { Mistake. Rc5 was best. } { [%clk 0:53:01] } (27... Rc5 28. g4 Rb8 29. Ka2 Nxf3 30. Qxf3 Bxd4 31. Bxd4 Rxb5 32. Ka1 e5 33. Bc3 Bc8 34. g5) 28. Re2 { [%eval -1.69] [%clk 0:00:42] } 28... Ba8?! { [%eval -1.12] } { Inaccuracy. Rfc8 was best. } { [%clk 0:52:35] } (28... Rfc8) 29. Rec2 { [%eval -2.96] [%clk 0:00:39] } 29... Qd8? { [%eval -1.21] } { Mistake. Ng6 was best. } { [%clk 0:51:38] } (29... Ng6) 30. Bxa4? { [%eval -2.39] } { Mistake. Rc7 was best. } { [%clk 0:00:35] } (30. Rc7 Ng6) 30... Qa5 { [%eval -3.07] [%clk 0:50:43] } 31. Bb3 { [%eval -2.76] [%clk 0:00:44] } 31... Nd3 { [%eval -2.81] [%clk 0:51:09] } 32. Rd1 { [%eval -2.18] [%clk 0:00:33] } 32... Nc5 { [%eval -2.51] [%clk 0:49:39] } 33. Rxc5?? { [%eval -8.7] } { Blunder. Bd2 was best. } { [%clk 0:00:33] } (33. Bd2 Qb6) 33... dxc5 { [%eval -8.92] [%clk 0:49:59] } 34. Qg3 { [%eval -16.3] }  0-1

[Event "VIII Floripa Chess Open 2022 - LIRA - mesa 1 a 205 - HOTEL FAIAL - 206 a 246"]
[Site "Lira Tênis Clube - Florianópolis/SC"]
[Date "2022.01.27"]
[Round "6"]
[Board "5"]
[White "Aranha Filho, Alvaro Z."]
[Black "Mekhitarian, Krikor Sevag"]
[Result "0-1"]
[WhiteElo "2283"]
[BlackElo "2562"]
[PlyCount "0"]
[EventDate "2022.01.24"]
[EventRounds "10"]
[EventCountry "BRA"]

1. d4 { [%eval 0.3] [%clk 1:30:57] } 1... Nf6 { [%eval 0.0] [%clk 1:24:49] } 2. Nf3 { [%eval 0.12] [%clk 1:31:13] } 2... g6 { [%eval 0.21] [%clk 1:25:08] } 3. c4 { [%eval 0.25] [%clk 1:31:32] } 3... Bg7 { [%eval 0.13] [%clk 1:25:08] } 4. Nc3 { [%eval 0.24] [%clk 1:31:52] } 4... d5 { [%eval 0.27] [%clk 1:25:05] } 5. cxd5 { [%eval 0.0] [%clk 1:32:06] } 5... Nxd5 { [%eval 0.0] [%clk 1:25:32] } 6. e4 { [%eval 0.24] [%clk 1:32:29] } 6... Nxc3 { [%eval 0.26] [%clk 1:25:57] } 7. bxc3 { [%eval 0.0] [%clk 1:32:57] } 7... c5 { [%eval 0.13] [%clk 1:23:33] } 8. Bb5+ { [%eval 0.24] [%clk 1:33:20] } 8... Bd7?! { [%eval 0.76] } { Inaccuracy. Nc6 was best. } { [%clk 1:16:24] } (8... Nc6 9. O-O O-O 10. Be3 Bg4 11. Bxc6 bxc6 12. Rc1 Qa5 13. Qc2 f5 14. exf5 Bxf3 15. gxf3) 9. Bxd7+ { [%eval 0.58] [%clk 1:33:33] } 9... Qxd7 { [%eval 0.38] [%clk 1:16:49] } 10. O-O { [%eval 0.62] [%clk 1:33:46] } 10... O-O { [%eval 0.71] [%clk 1:17:14] } 11. Rb1 { [%eval 0.37] [%clk 1:30:40] } 11... Nc6 { [%eval 0.41] [%clk 0:49:00] } 12. Be3 { [%eval 0.34] [%clk 1:23:18] } 12... cxd4 { [%eval 0.42] [%clk 0:32:55] } 13. cxd4 { [%eval 0.47] [%clk 1:21:43] } 13... e6 { [%eval 0.73] [%clk 0:30:36] } 14. Qe2?! { [%eval -0.12] } { Inaccuracy. h4 was best. } { [%clk 1:08:50] } (14. h4) 14... Rac8 { [%eval 0.3] [%clk 0:27:43] } 15. Rfd1 { [%eval 0.41] [%clk 1:05:35] } 15... b6 { [%eval 0.65] [%clk 0:27:53] } 16. Qb5 { [%eval 0.25] [%clk 1:02:26] } 16... Rfd8 { [%eval 0.15] [%clk 0:27:00] } 17. Bg5 { [%eval 0.08] [%clk 0:55:07] } 17... Ne7 { [%eval 0.0] [%clk 0:16:38] } 18. Qb3 { [%eval -0.45] [%clk 0:51:43] } 18... h6 { [%eval -0.4] [%clk 0:16:26] } 19. Bh4 { [%eval -0.38] [%clk 0:47:44] } 19... Qb7 { [%eval -0.42] [%clk 0:12:51] } 20. Qe3 { [%eval -0.13] [%clk 0:42:31] } 20... Re8 { [%eval 0.24] [%clk 0:12:22] } 21. Rbc1 { [%eval -0.1] [%clk 0:36:21] } 21... Rxc1 { [%eval 0.0] [%clk 0:10:59] } 22. Rxc1 { [%eval -0.15] [%clk 0:36:04] } 22... Nc6 { [%eval 0.05] [%clk 0:11:24] } 23. h3 { [%eval 0.0] [%clk 0:34:07] } 23... Qd7 { [%eval 0.0] [%clk 0:10:24] } 24. e5?? { [%eval -1.68] } { Blunder. Rd1 was best. } { [%clk 0:25:17] } (24. Rd1 Na5 25. Qe2 Rc8 26. Bg3 Nc4 27. d5 Nb2 28. Rd2 Nc4) 24... Rc8?! { [%eval -0.9] } { Inaccuracy. Nb4 was best. } { [%clk 0:08:31] } (24... Nb4 25. Qd2 Nd5 26. Nh2 Rc8 27. Ng4 Rxc1+ 28. Qxc1 g5 29. Bg3 Qa4 30. Qc8+ Kh7 31. Kh2) 25. Bf6?? { [%eval -2.65] } { Blunder. Qd2 was best. } { [%clk 0:24:53] } (25. Qd2 a5) 25... Nb4 { [%eval -2.56] [%clk 0:06:59] } 26. Bxg7?! { [%eval -3.32] } { Inaccuracy. Rxc8+ was best. } { [%clk 0:18:58] } (26. Rxc8+) 26... Kxg7 { [%eval -3.36] [%clk 0:07:12] } 27. Rxc8 { [%eval -3.46] [%clk 0:16:14] } 27... Qxc8 { [%eval -3.54] [%clk 0:07:41] } 28. a3 { [%eval -4.26] [%clk 0:15:49] } 28... Nd5 { [%eval -4.73] [%clk 0:07:52] } 29. Qd3 { [%eval -4.65] [%clk 0:11:39] } 29... Qc1+ { [%eval -4.59] [%clk 0:04:20] } 30. Kh2 { [%eval -5.05] [%clk 0:12:02] } 30... Nf4?! { [%eval -3.37] } { Inaccuracy. a5 was best. } { [%clk 0:01:31] } (30... a5) 31. Qa6? { [%eval -5.86] } { Mistake. Qd2 was best. } { [%clk 0:07:42] } (31. Qd2 Qxd2) 31... Qc2 { [%eval -5.94] [%clk 0:01:10] } 32. Qf1 { [%eval -5.76] [%clk 0:05:24] } 32... Qa2?! { [%eval -4.19] } { Inaccuracy. Nd5 was best. } { [%clk 0:01:14] } (32... Nd5) 33. Qc1 { [%eval -4.21] [%clk 0:05:03] } 33... g5 { [%eval -3.7] [%clk 0:00:50] } 34. Nd2 { [%eval -4.5] [%clk 0:04:50] } 34... Ne2 { [%eval -4.73] [%clk 0:00:38] } 35. Qe1 { [%eval -4.85] [%clk 0:04:48] } 35... Nxd4 { [%eval -4.74] [%clk 0:00:55] } 36. Ne4 { [%eval -5.05] [%clk 0:04:01] } 36... Qd5?! { [%eval -3.23] } { Inaccuracy. Qe2 was best. } { [%clk 0:00:42] } (36... Qe2) 37. Nd6? { [%eval -5.52] } { Mistake. Nf6 was best. } { [%clk 0:03:59] } (37. Nf6) 37... Nc6 { [%eval -5.45] [%clk 0:00:49] } 38. f4 { [%eval -5.75] [%clk 0:02:49] } 38... gxf4 { [%eval -5.38] [%clk 0:01:17] } 39. Ne8+ { [%eval -5.32] [%clk 0:03:05] } 39... Kf8 { [%eval -5.61] [%clk 0:01:10] } 40. Nf6 { [%eval -5.26] [%clk 0:03:26] } 40... Qd3 { [%eval -5.21] [%clk 0:01:08] } 41. Qc1 { [%eval -6.68] [%clk 0:03:20] } 41... Nxe5?? { [%eval -1.85] } { Blunder. Qg3+ was best. } { [%clk 0:00:42] } (41... Qg3+ 42. Kh1 f3 43. Qxh6+ Ke7 44. Nd5+ Kd7 45. Nf6+ Kc8 46. Qd2 Nxe5 47. a4 f2 48. Qc1+) 42. Qc8+?? { [%eval -5.76] } { Blunder. Qxf4 was best. } { [%clk 0:03:26] } (42. Qxf4) 42... Kg7 { [%eval -5.87] [%clk 0:00:43] } 43. Nh5+ { [%eval -6.04] [%clk 0:02:56] } 43... Kh7 { [%eval -6.03] [%clk 0:01:11] } 44. Nxf4 { [%eval -7.99] [%clk 0:00:56] } 44... Qc4 { [%eval -7.99] [%clk 0:00:42] }  0-1

[Event "VIII Floripa Chess Open 2022 - LIRA - mesa 1 a 205 - HOTEL FAIAL - 206 a 246"]
[Site "Lira Tênis Clube - Florianópolis/SC"]
[Date "2022.01.27"]
[Round "6"]
[Board "6"]
[White "Lima, Darcy"]
[Black "Labussiere, Victor"]
[Result "0-1"]
[WhiteElo "2507"]
[BlackElo "2341"]
[PlyCount "0"]
[EventDate "2022.01.24"]
[EventRounds "10"]
[EventCountry "BRA"]

1. c4 { [%eval 0.23] [%clk 1:30:57] } 1... Nf6 { [%eval 0.29] [%clk 1:12:35] } 2. Nc3 { [%eval 0.08] [%clk 1:29:25] } 2... e5 { [%eval 0.32] [%clk 1:08:28] } 3. Nf3 { [%eval 0.0] [%clk 1:29:21] } 3... Nc6 { [%eval 0.11] [%clk 1:08:52] } 4. e3 { [%eval 0.12] [%clk 1:29:11] } 4... d5 { [%eval 0.4] [%clk 1:07:21] } 5. cxd5 { [%eval 0.35] [%clk 1:23:46] } 5... Nxd5 { [%eval 0.43] [%clk 1:07:46] } 6. a3? { [%eval -0.73] } { Mistake. Bb5 was best. } { [%clk 1:19:26] } (6. Bb5 Nxc3 7. bxc3 Qf6 8. O-O Bd6 9. d4 O-O 10. Bxc6 bxc6) 6... g6?! { [%eval 0.0] } { Inaccuracy. Nxc3 was best. } { [%clk 0:57:37] } (6... Nxc3 7. dxc3 Qxd1+ 8. Kxd1 Bf5 9. b4 f6 10. Nd2 O-O-O 11. Bb2) 7. d3 { [%eval -0.08] [%clk 1:11:22] } 7... Bg7 { [%eval -0.14] [%clk 0:57:49] } 8. Qc2 { [%eval -0.29] [%clk 1:11:40] } 8... O-O { [%eval -0.07] [%clk 0:55:26] } 9. Be2 { [%eval -0.42] [%clk 1:12:04] } 9... h6 { [%eval 0.04] [%clk 0:40:10] } 10. O-O { [%eval 0.1] [%clk 1:11:16] } 10... Be6 { [%eval 0.39] [%clk 0:35:26] } 11. Na4 { [%eval 0.28] [%clk 0:53:48] } 11... Nde7 { [%eval 0.55] [%clk 0:34:46] } 12. Bd2 { [%eval 0.25] [%clk 0:53:09] } 12... a5 { [%eval 0.32] [%clk 0:27:11] } 13. Rac1 { [%eval 0.2] [%clk 0:51:33] } 13... g5 { [%eval 0.6] [%clk 0:24:58] } 14. Rfd1?! { [%eval -0.36] } { Inaccuracy. Nc5 was best. } { [%clk 0:47:33] } (14. Nc5 Bc8 15. h3 b6 16. Ne4 Be6 17. Ng3 a4 18. Nh5 Bh8 19. Bc3 f5 20. Rfe1 Bb3) 14... g4 { [%eval -0.41] [%clk 0:19:02] } 15. Ne1 { [%eval -0.45] [%clk 0:46:01] } 15... b6 { [%eval -0.54] [%clk 0:19:26] } 16. b4 { [%eval -0.42] [%clk 0:41:11] } 16... axb4 { [%eval -0.67] [%clk 0:19:36] } 17. axb4 { [%eval -0.65] [%clk 0:41:39] } 17... Ra7 { [%eval -0.53] [%clk 0:18:49] } 18. b5 { [%eval -0.65] [%clk 0:39:20] } 18... Na5 { [%eval -0.52] [%clk 0:18:03] } 19. Rb1 { [%eval -0.6] [%clk 0:38:51] } 19... Qa8?! { [%eval 0.16] } { Inaccuracy. Qd7 was best. } { [%clk 0:17:01] } (19... Qd7 20. Bb4 Rfa8 21. Nc3 Nb7 22. Bxe7 Qxe7 23. Bf1 Nc5 24. g3 Rd8 25. Ra1 Rxa1 26. Rxa1) 20. Bb4 { [%eval 0.0] [%clk 0:37:14] } 20... Re8 { [%eval -0.08] [%clk 0:17:04] } 21. Nc3 { [%eval 0.0] [%clk 0:37:37] } 21... Nb7?! { [%eval 0.54] } { Inaccuracy. Nd5 was best. } { [%clk 0:14:21] } (21... Nd5 22. Rdc1 Qd8 23. g3 Nxc3 24. Bxc3 Nb7 25. Rb4 h5 26. d4 Ra2 27. Rb2 Rxb2 28. Qxb2) 22. Rdc1 { [%eval 0.04] [%clk 0:31:20] } 22... Nd6 { [%eval 0.09] [%clk 0:14:16] } 23. Qd1 { [%eval 0.36] [%clk 0:31:08] } 23... f5 { [%eval 0.51] [%clk 0:13:51] } 24. Nc2 { [%eval 0.46] [%clk 0:30:44] } 24... h5 { [%eval 0.61] [%clk 0:09:22] } 25. d4 { [%eval 0.8] [%clk 0:19:58] } 25... e4?! { [%eval 1.45] } { Inaccuracy. Bf7 was best. } { [%clk 0:08:40] } (25... Bf7 26. dxe5) 26. Bxd6 { [%eval 1.2] [%clk 0:14:03] } 26... cxd6 { [%eval 1.22] [%clk 0:09:06] } 27. Nb4 { [%eval 1.41] [%clk 0:14:30] } 27... Bf7 { [%eval 1.31] [%clk 0:05:22] } 28. Nc6 { [%eval 1.25] [%clk 0:07:43] } 28... Ra3 { [%eval 1.39] [%clk 0:05:35] } 29. Ra1? { [%eval 0.33] } { Mistake. g3 was best. } { [%clk 0:07:08] } (29. g3 Bf6) 29... d5?? { [%eval 2.12] } { Blunder. f4 was best. } { [%clk 0:03:29] } (29... f4 30. exf4 Nf5 31. Rcb1 e3 32. f3 g3 33. hxg3 Nxg3 34. Kh2 h4 35. Ne4 Bh6 36. Nf6+) 30. Rxa3?! { [%eval 1.13] } { Inaccuracy. g3 was best. } { [%clk 0:03:59] } (30. g3 h4 31. Nxe7+ Rxe7 32. Rxa3 Qxa3 33. Na4 Bh6 34. Rc3 Qb4 35. Rc6 Ra7 36. Nxb6 Kg7) 30... Qxa3 { [%eval 1.06] [%clk 0:03:57] } 31. Na4?! { [%eval 0.36] } { Inaccuracy. g3 was best. } { [%clk 0:04:26] } (31. g3 Ra8 32. Nxe7+ Qxe7 33. Bf1 Qb4 34. Rc2 Bf8 35. Qc1 Rc8 36. Nd1 Rxc2 37. Qxc2 Qd6) 31... f4 { [%eval 0.4] [%clk 0:01:00] } 32. Rc3 { [%eval 0.08] [%clk 0:03:29] } 32... Qd6 { [%eval 0.0] [%clk 0:00:32] } 33. exf4 { [%eval 0.28] [%clk 0:02:28] } 33... Qxf4 { [%eval -0.12] [%clk 0:00:32] } 34. g3 { [%eval -0.26] [%clk 0:01:20] } 34... Qc7 { [%eval 0.03] [%clk 0:00:45] } 35. Qc1 { [%eval 0.0] [%clk 0:00:38] } 35... Ra8?? { [%eval 2.02] } { Blunder. Bf6 was best. } { [%clk 0:00:33] } (35... Bf6) 36. Bd1?? { [%eval 0.24] } { Blunder. Nxb6 was best. } { [%clk 0:00:53] } (36. Nxb6 Re8) 36... Nf5?? { [%eval 3.41] } { Blunder. Re8 was best. } { [%clk 0:00:32] } (36... Re8 37. Bb3 Nxc6 38. Rxc6 Qe7 39. Nxb6 e3 40. fxe3 Qxe3+ 41. Qxe3 Rxe3 42. Bxd5 Bxd4 43. Kf1) 37. Qg5?? { [%eval 1.48] } { Blunder. Ne5 was best. } { [%clk 0:01:03] } (37. Ne5) 37... Be6 { [%eval 1.33] [%clk 0:00:33] } 38. Qxh5?? { [%eval -0.52] } { Blunder. Kg2 was best. } { [%clk 0:01:16] } (38. Kg2 Rf8) 38... Qd6?? { [%eval 5.33] } { Blunder. Qf7 was best. } { [%clk 0:00:32] } (38... Qf7 39. Qg5) 39. Bxg4 { [%eval 5.32] RUN OUT OF TIME}  0-1

[Event "VIII Floripa Chess Open 2022 - LIRA - mesa 1 a 205 - HOTEL FAIAL - 206 a 246"]
[Site "Lira Tênis Clube - Florianópolis/SC"]
[Date "2022.01.27"]
[Round "6"]
[Board "7"]
[White "Di Berardino, Diego Rafael"]
[Black "Villalba, Marcelo"]
[Result "1-0"]
[WhiteElo "2480"]
[BlackElo "2258"]
[PlyCount "0"]
[EventDate "2022.01.24"]
[EventRounds "10"]
[EventCountry "BRA"]

1. c4 { [%eval 0.23] [%clk 1:30:01] } 1... e6 { [%eval 0.4] [%clk 1:28:15] } 2. d4 { [%eval 0.26] [%clk 1:29:48] } 2... d5 { [%eval 0.38] [%clk 1:28:37] } 3. Nf3 { [%eval 0.0] [%clk 1:29:36] } 3... Nf6 { [%eval 0.17] [%clk 1:28:53] } 4. g3 { [%eval 0.18] [%clk 1:29:02] } 4... dxc4 { [%eval 0.36] [%clk 1:28:29] } 5. Bg2 { [%eval 0.14] [%clk 1:29:24] } 5... a6 { [%eval 0.29] [%clk 1:28:42] } 6. O-O { [%eval 0.12] [%clk 1:29:25] } 6... b5 { [%eval 0.55] [%clk 1:27:27] } 7. Ne5 { [%eval 0.66] [%clk 1:24:23] } 7... Nd5 { [%eval 0.18] [%clk 1:27:44] } 8. b3 { [%eval 0.39] [%clk 1:24:21] } 8... cxb3 { [%eval 0.24] [%clk 1:25:10] } 9. Qxb3 { [%eval 0.6] [%clk 1:24:09] } 9... Bb7 { [%eval 0.22] [%clk 1:18:10] } 10. a4 { [%eval 0.63] [%clk 1:23:41] } 10... c6 { [%eval 0.73] [%clk 1:11:11] } 11. Nd2 { [%eval 0.46] [%clk 0:54:39] } 11... Be7 { [%eval 0.72] [%clk 0:47:24] } 12. Ba3?! { [%eval 0.13] } { Inaccuracy. Ne4 was best. } { [%clk 0:45:28] } (12. Ne4 Nd7) 12... O-O { [%eval 0.47] [%clk 0:39:26] } 13. Bxe7 { [%eval 0.27] [%clk 0:38:37] } 13... Qxe7 { [%eval 0.35] [%clk 0:36:46] } 14. Rfc1 { [%eval 0.13] [%clk 0:38:32] } 14... Rc8 { [%eval 0.37] [%clk 0:26:44] } 15. Ne4 { [%eval 0.23] [%clk 0:26:56] } 15... Nd7 { [%eval 0.38] [%clk 0:24:57] } 16. Nxd7 { [%eval 0.44] [%clk 0:25:56] } 16... Qxd7 { [%eval 0.23] [%clk 0:25:20] } 17. Nc5 { [%eval 0.22] [%clk 0:26:20] } 17... Qc7 { [%eval 0.32] [%clk 0:23:36] } 18. e4 { [%eval 0.13] [%clk 0:17:10] } 18... Nb6 { [%eval 0.18] [%clk 0:18:12] } 19. e5 { [%eval 0.22] [%clk 0:12:11] } 19... Nxa4?? { [%eval 2.4] } { Blunder. h6 was best. } { [%clk 0:07:25] } (19... h6 20. a5 Nd7 21. Qc3 Rab8 22. Rd1 Rd8 23. h4 Nxc5 24. dxc5 Rd5 25. f4 Bc8 26. Qb4) 20. Nxa4?? { [%eval 0.33] } { Blunder. Nxb7 was best. } { [%clk 0:09:47] } (20. Nxb7 Qxb7) 20... bxa4 { [%eval 0.24] [%clk 0:07:49] } 21. Rxa4 { [%eval 0.34] [%clk 0:09:46] } 21... Ra7 { [%eval 0.31] [%clk 0:03:38] } 22. Rc5 { [%eval 0.24] [%clk 0:10:01] } 22... g6?! { [%eval 1.08] } { Inaccuracy. Raa8 was best. } { [%clk 0:03:41] } (22... Raa8 23. h4) 23. h4 { [%eval 1.33] [%clk 0:10:22] } 23... h5 { [%eval 1.06] [%clk 0:03:49] } 24. Be4?! { [%eval 0.07] } { Inaccuracy. g4 was best. } { [%clk 0:08:47] } (24. g4 hxg4 25. h5 Qe7 26. hxg6 fxg6 27. Qg3 Rf8 28. Qxg4 Qf7 29. Qg3 Ba8 30. d5 cxd5) 24... Ba8 { [%eval 0.16] [%clk 0:03:09] } 25. Qd3 { [%eval 0.22] [%clk 0:08:08] } 25... Kg7 { [%eval 0.08] [%clk 0:02:32] } 26. Qc3 { [%eval 0.18] [%clk 0:07:46] } 26... Kg8 { [%eval 0.34] [%clk 0:01:32] } 27. Bf3 { [%eval 0.62] [%clk 0:03:29] } 27... Qd8 { [%eval 0.74] [%clk 0:01:13] } 28. d5 { [%eval 0.53] [%clk 0:03:17] } 28... exd5 { [%eval 0.71] [%clk 0:01:29] } 29. Bxd5 { [%eval 0.72] [%clk 0:03:42] } 29... Rb8 { [%eval 0.96] [%clk 0:01:17] } 30. Bf3?! { [%eval 0.04] } { Inaccuracy. Bb3 was best. } { [%clk 0:01:56] } (30. Bb3 Qe7 31. Rd4 Rb5 32. Rd6 Kh7 33. Kh2 Rc7 34. Qe3 Bb7 35. Bc4 Rxc5 36. Qxc5 Bc8) 30... Rab7?? { [%eval 1.98] } { Blunder. Qe7 was best. } { [%clk 0:01:09] } (30... Qe7) 31. e6 { [%eval 1.37] [%clk 0:01:15] } 31... fxe6?! { [%eval 2.35] } { Inaccuracy. Qd6 was best. } { [%clk 0:01:09] } (31... Qd6) 32. Rf4?! { [%eval 1.49] } { Inaccuracy. Qc2 was best. } { [%clk 0:00:40] } (32. Qc2 Rg7 33. Rxa6 Bb7 34. Ra4 Qf6 35. Rf4 Qa1+ 36. Kh2 Rf8 37. Rxf8+ Kxf8 38. Rg5 Qf6) 32... Rf7?? { [%eval 6.26] } { Blunder. Rg7 was best. } { [%clk 0:01:00] } (32... Rg7) 33. Rg5 { [%eval 5.25] [%clk 0:00:47] } 33... Rg7 { [%eval 6.27] [%clk 0:00:53] } 34. Qc2? { [%eval 3.15] } { Mistake. Rf6 was best. } { [%clk 0:00:36] } (34. Rf6) 34... Qe8? { [%eval 5.08] } { Mistake. e5 was best. } { [%clk 0:00:45] } (34... e5 35. Rxe5) 35. Rf6 { [%eval 5.01] [%clk 0:00:54] } 35... Rbb7 { [%eval 6.37] [%clk 0:00:36] } 36. Rfxg6 { [%eval 4.96] [%clk 0:00:54] } 36... Qf8?! { [%eval 9.58] } { Inaccuracy. Rxg6 was best. } { [%clk 0:00:41] } (36... Rxg6 37. Rxg6+ Rg7 38. Rh6 c5 39. Bxa8 Qxa8 40. Rxh5 Qc6 41. Rxc5 Qxc5 42. Qxc5 a5 43. Qc8+) 37. Be4 { [%eval 8.07] [%clk 0:00:52] } 37... Rxg6 { [%eval 7.87] [%clk 0:00:40] } 38. Rxg6+ { [%eval 7.8] [%clk 0:01:13] } 38... Rg7 { [%eval 8.58] [%clk 0:01:02] } 39. Rxe6 { [%eval 8.56] [%clk 0:01:28] } 39... Re7 { [%eval 8.52] [%clk 0:00:32] } 40. Rg6+ { [%eval 9.11] [%clk 0:01:27] } 40... Rg7 { [%eval 10.63] [%clk 0:00:42] } 41. Qb3+ { [%eval 9.55] [%clk 0:01:15] } 41... Qf7 { [%eval 9.57] [%clk 0:01:06] } 42. Re6 { [%eval 11.05] [%clk 0:01:21] } 42... Kh8?! { [%eval #6] } { Checkmate is now unavoidable. Qxe6 was best. } { [%clk 0:00:52] } (42... Qxe6 43. Qxe6+ Kf8 44. Qc8+ Ke7 45. Qc7+ Kf6 46. Qd6+ Kf7 47. Qd7+ Kf8 48. Qd8+ Kf7 49. Bb1) 43. Rh6+ { [%eval #7] [%clk 0:01:35] } 43... Kg8 { [%eval #7] [%clk 0:01:14] } 44. Qb8+ { [%eval #6] [%clk 0:01:59] }  1-0